Theory and Problems of Plane and Solid Analytic Geometry (Record no. 33488)
[ view plain ]
| 000 -LEADER | |
|---|---|
| fixed length control field | 00491nam a22001817a 4500 |
| 005 - DATE AND TIME OF LATEST TRANSACTION | |
| control field | 20230915152502.0 |
| 008 - FIXED-LENGTH DATA ELEMENTS--GENERAL INFORMATION | |
| fixed length control field | 230908b |||||||| |||| 00| 0 eng d |
| 082 ## - DEWEY DECIMAL CLASSIFICATION NUMBER | |
| Classification number | 515.15 |
| Item number | KIN-A |
| 100 ## - MAIN ENTRY--AUTHOR | |
| Author Name | Kindle,Joseph H. |
| 245 ## - TITLE STATEMENT | |
| Title | Theory and Problems of Plane and Solid Analytic Geometry |
| 260 ## - PUBLICATION, DISTRIBUTION, ETC. | |
| Place of Publication | USA |
| Name of publisher, distributor, etc. | Schaum Publishing Co. |
| Date of publication, distribution, etc. | 1950 |
| 300 ## - PHYSICAL DESCRIPTION | |
| Pages | 148 |
| 490 ## - SERIES STATEMENT | |
| Series Statement | Schaum'S outline Series |
| 500 ## - GENERAL NOTE | |
| General note | Include index |
| 650 ## - SUBJECT ADDED ENTRY--TOPICAL TERM | |
| Subject / Department | Mathematics |
| 700 ## - ADDED ENTRY--PERSONAL NAME | |
| Personal name | Joseph H.Kindle |
| 952 ## - LOCATION AND ITEM INFORMATION (KOHA) | |
| -- | 0 |
| -- | 0 |
| Lost status | Damaged status | Permanent Location | Current Location | Shelving Location | Date acquired | Full Call Number | Accession No./Barcode | Date last seen | item type |
|---|---|---|---|---|---|---|---|---|---|
| Superior Information Resource Center (SIRC) Superior University- Central Library | Superior Information Resource Center (SIRC) Superior University- Central Library | Economics | 09/08/2023 | 515.15 KIN-A 1950 | 20381 | 09/08/2023 | BOOK |
